[Event "Yangon schev"]
[Site "Yangon"]
[Date "1999.02.06"]
[Round "7"]
[White "Zaw, Oo"]
[Black "Aung, Thant Zin"]
[Result "1/2-1/2"]
[WhiteElo "2440"]
[BlackElo "2410"]
[PlyCount "42"]
[EventDate "1999.01.??"]
[EventType "schev"]
[EventRounds "14"]
[EventCountry "BUR"]
[SourceTitle "EXT 2000"]
[Source "ChessBase"]
[SourceDate "1999.11.16"]
[SourceVersion "1"]
[SourceVersionDate "1999.11.16"]
[SourceQuality "1"]

1. e4 c5 2. Nf3 Nc6 3. d4 cxd4 4. Nxd4 Nf6 5. Nc3 d6 6. Bc4 Qb6 7. Be3 Qxb2 8. Ndb5 Qb4 9. Qe2 Qa5 10. Bd2 Qd8 11. Nd5 Nxd5 12. exd5 Ne5 13. f4 Bg4 14. Nxd6+ exd6 15. Bb5+ Ke7 16. Qe4 f5 17. Qe3 Qb6 18. Qxb6 axb6 19. fxe5 dxe5 20. h3 Bh5 21. 0-0 Bg6 1/2-1/2

[Event "Yangon schev"]
[Site "Yangon"]
[Date "1999.02.04"]
[Round "5"]
[White "Zaw, Oo"]
[Black "Tin, Htun Zaw"]
[Result "1-0"]
[WhiteElo "2440"]
[BlackElo "2509"]
[PlyCount "123"]
[EventDate "1999.01.??"]
[EventType "schev"]
[EventRounds "14"]
[EventCountry "BUR"]
[SourceTitle "EXT 2000"]
[Source "ChessBase"]
[SourceDate "1999.11.16"]
[SourceVersion "1"]
[SourceVersionDate "1999.11.16"]
[SourceQuality "1"]

1. e4 e5 2. Nf3 d6 3. d4 exd4 4. Nxd4 Nf6 5. Nc3 Be7 6. Be2 0-0 7. 0-0 a6 8. a4 Bd7 9. Be3 Nc6 10. f4 Nxd4 11. Bxd4 Bc6 12. Bf3 Nd7 13. Qd3 Bf6 14. Rae1 Re8 15. b3 Qe7 16. Re2 Rad8 17. Rfe1 Nc5 18. Qd2 Bxd4+ 19. Qxd4 Ne6 20. Qd2 Qf6 21. Nd5 Qb2 22. Re3 Kf8 23. Bd1 Bxd5 24. exd5 Nc5 25. g3 f5 26. Bf3 Qf6 27. Kg2 g6 28. R1e2 Kf7 29. Qe1 Rxe3 30. Rxe3 Rd7 31. h3 Re7 32. Rxe7+ Qxe7 33. Qxe7+ Kxe7 34. Kf2 a5 35. Ke3 Kf6 36. Kd4 Na6 37. Kc4 g5 38. Kd4 gxf4 39. gxf4 Nb4 40. Bd1 c6 41. dxc6 bxc6 42. c3 Nd5 43. Bf3 Nxf4 44. Bxc6 Ne6+ 45. Kc4 Nc7 46. b4 Ke5 47. bxa5 d5+ 48. Kc5 f4 49. Bb5 f3 50. Bf1 Ne6+ 51. Kb6 Kd6 52. a6 Nc5 53. a7 Nxa4+ 54. Kb5 Nxc3+ 55. Ka5 Ne4 56. a8Q Ke5 57. Kb4 h5 58. Qh8+ Nf6 59. Bd3 Ke6 60. Qh6 Ke5 61. Qg5+ Kd4 62. Qxf6+ 1-0

[Event "Yangon zt"]
[Site "Yangon"]
[Date "1998.12.11"]
[Round "4"]
[White "Zaw, Oo"]
[Black "Mariano, Nelson"]
[Result "1-0"]
[WhiteElo "2340"]
[BlackElo "2435"]
[PlyCount "73"]
[EventDate "1998.12.??"]
[EventType "swiss"]
[EventRounds "9"]
[EventCountry "BUR"]
[SourceTitle "CBM 069"]
[Source "ChessBase"]
[SourceDate "1999.04.01"]
[SourceVersion "1"]
[SourceVersionDate "1999.04.01"]
[SourceQuality "1"]

1. e4 c5 2. Nf3 d6 3. d4 cxd4 4. Nxd4 a6 5. c4 b6 6. Nc3 Bb7 7. Be2 Nf6 8. f3 e6 9. Be3 Be7 10. 0-0 Nbd7 11. Rc1 0-0 12. Qd2 Rc8 13. Rfd1 Qc7 14. Bf1 Qb8 15. Kh1 Rfe8 16. Qf2 Bd8 17. b3 Bc7 18. Qh4 h6 19. Bd3 Ne5 20. Bb1 Ng6 21. Qh3 d5 22. exd5 exd5 23. Nf5 Be5 24. Bxh6 gxh6 25. Qxh6 Nh7 26. Nxd5 Bxd5 27. Rxd5 Re6 28. Re1 Ngf8 29. Qh5 Rce8 30. Nh6+ Rxh6 31. Qxh6 Bf4 32. Bxh7+ Nxh7 33. Rxe8+ Qxe8 34. Qxb6 Qe2 35. Qg1 Qxa2 36. Qd1 Nf6 37. Rf5 1-0

[Event "Asia Cities-ch 11th"]
[Site "Genting Highlands"]
[Date "1998.04.13"]
[Round "6"]
[White "Hussein, A Khouri"]
[Black "Zaw, Oo"]
[Result "0-1"]
[WhiteElo "2265"]
[BlackElo "2225"]
[PlyCount "72"]
[EventDate "1998.04.09"]
[EventType "team-swiss"]
[EventRounds "9"]
[EventCountry "MAS"]
[SourceTitle "EXT 2020"]
[Source "ChessBase"]
[SourceDate "2019.10.17"]
[SourceVersion "1"]
[SourceVersionDate "2019.10.17"]
[SourceQuality "1"]
[WhiteTeam "Abu Dhabi"]
[BlackTeam "Mandalay"]
[WhiteTeamCountry "UAE"]
[BlackTeamCountry "MYA"]

1. e4 c5 2. Nc3 Nc6 3. g3 g6 4. Bg2 Bg7 5. Nge2 e6 6. d3 Nge7 7. 0-0 0-0 8. Be3 b6 9. d4 cxd4 10. Nxd4 Ba6 11. Re1 Rc8 12. Qd2 Ne5 13. Rad1 Nc4 14. Qc1 d6 15. b3 Nxe3 16. Qxe3 Qc7 17. Nce2 e5 18. Nf3 Qxc2 19. Rxd6 Qxa2 20. Rd7 Nc6 21. Nc1 Qa5 22. Red1 Bb5 23. R7d2 Nd4 24. Nxd4 exd4 25. Qf4 Ba6 26. h4 Rc3 27. b4 Qxb4 28. Na2 Qa4 29. Nxc3 dxc3 30. Rd8 c2 31. Rxf8+ Bxf8 32. Rc1 Be2 33. Bf1 Bxf1 34. Rxf1 Qc4 35. Qd2 Ba3 36. Qd8+ Kg7 0-1